Komparácia financovania vzdelávania v krajinách V4, vo Fínsku a Nemecku

Komparácia výšky celkových výdavkov na vzdelávanie v krajinách V4, vo Fínsku a Nemecku a porovnanie podielov týchto výdavkov na HDP príslušnej krajiny. Financovanie vzdelávania vo vybraných krajinách prostredníctvom súkromných a verejných zdrojov a výška výdavkov na vzdelávanie pripadajúcich na jedn...

Descrizione completa

Salvato in:
Dettagli Bibliografici
Autore principale: Spišáková, Emília, 1983-
Natura: Capitolo di libro
Lingua:slovacco
Soggetti:
Tags: Aggiungi Tag
Nessun Tag, puoi essere il primo ad aggiungerne!!

MARC

LEADER 00000naa a2200000 4500
001 0123507
005 20240502083314.8
041 0 |a slo 
044 |a CZ 
245 1 0 |a Komparácia financovania vzdelávania v krajinách V4, vo Fínsku a Nemecku  |c Emília Spišáková 
520 |a Komparácia výšky celkových výdavkov na vzdelávanie v krajinách V4, vo Fínsku a Nemecku a porovnanie podielov týchto výdavkov na HDP príslušnej krajiny. Financovanie vzdelávania vo vybraných krajinách prostredníctvom súkromných a verejných zdrojov a výška výdavkov na vzdelávanie pripadajúcich na jedného obyvateľa v krajine. 
610 2 0 |a vzdelávanie 
610 2 0 |a Fínsko 
610 2 0 |a financie verejné 
610 2 0 |a financovanie 
610 2 0 |a Nemecko 
610 2 0 |a výdavky 
610 2 0 |a Vyšehradská štvorka 
100 1 |a Spišáková, Emília, 1983-